| 000 | 00870nam a22002657a 4500 | ||
|---|---|---|---|
| 003 | OSt | ||
| 005 | 20221202142442.0 | ||
| 008 | 221201t2016 maua|||f |||| 00| 0 eng d | ||
| 020 | _a9781845936686 | ||
| 040 |
_cChap _erda |
||
| 082 | 0 | 0 | _2PA 632.4 F86 2012 |
| 245 |
_aFungal Plant Pathogens / _cedited by Charles Lane, Paul Beales, Kelvin Hughes |
||
| 264 |
_aCambridge, Massachusetts : _bCABI, _c2012 |
||
| 300 | _axv, 307 páginas | ||
| 336 |
_2rdacontent _atexto _btxt |
||
| 337 |
_2rdamedia _asin medio _bn |
||
| 338 |
_2rdacarrier _avolumen _bnc |
||
| 500 | _aIncluye bibliografía e índice | ||
| 650 | 7 |
_956132 _aHongos fitopatógenos |
|
| 650 | 0 |
_9172773 _aPlantas _x enfermedades por hongoss |
|
| 700 |
_9185801 _aLane, Charles R. |
||
| 700 |
_9185814 _aBeales, Paul A., editor |
||
| 700 |
_9185815 _aHughes, Kelvin J.D., editor |
||
| 942 |
_2ddc _cLibro |
||
| 999 |
_c217919 _d217919 |
||